00475 2200181 4500001002100000005001500021008004100036020002200077035001900099041000700118082000800125090001400133100002500147245004400172260003600216300002500252650001600277INLIS00000000000063920241224112215241224||||||||| | ||| |||| || |  a978-979-96856-1-2 0010-1224000639 aid0 a301 a301 TUR r0 aSirojuddin Arief dkk00aRuntuhnya Universalitas Sosiologi Barat aYogyakartabAR-Ruzz Mediac2008 a404 hlm.; 14 x 21 cm 0aIlmu Sosial